San la muerte : una propuesta alternativa en la sociedad de hoy /

Hemos estudiado como cuatro variables ("probabilidad percibida de castigo formal", "desaprobación social", "legitimidad" y "convencionalismo") determinan el cumplimiento o la trasgresión de las normas. Se analizó la percepción del cumplimiento de seis normas específicas en 298 hombres y mujeres de t...

Descripción completa

Detalles Bibliográficos
Autor principal: Bahamondes, Luis Andrés
Formato: Libro
Lenguaje:español

MARC

LEADER 00000cam a2200000 a 4500
001 027084
003 UAHC_CL
005 20170803122743.0
008 080722b cl 000 spa
040 |a UAHC_CL  |c UAHC_CL  |d UAHC_CL 
100 1 |a Bahamondes, Luis Andrés 
245 1 0 |a San la muerte :  |b una propuesta alternativa en la sociedad de hoy /  |c Luis Andrés Bahamondes. 
500 |a En: Religión y Cultura. No. XIII, pp. 173-181. 
520 |a Hemos estudiado como cuatro variables ("probabilidad percibida de castigo formal", "desaprobación social", "legitimidad" y "convencionalismo") determinan el cumplimiento o la trasgresión de las normas. Se analizó la percepción del cumplimiento de seis normas específicas en 298 hombres y mujeres de tres países (España, Estados Unidos y Chile). Se comprobó la capacidad predictiva de un modelo que incluye las tres primeras variables citadas, frente a otro modelo en el que se incluye el "convencionalismo" como cuarta variable. Los resultados muestran que (a) la legitimidad -entienda como grado de acuerdo entre una norma específica y los principios morales del individuo- es la única variable con capacidad predictiva, y (b) el convencionalismo -entendido como una orientación legalista y conformista hacia el mantenimiento del orden- modera la capacidad predictiva de la legitimidad 
900 |a CARPETA-10 
942 |c BK 
999 |c 27084  |d 27084